The stress-strain analysis of the road bridge in Ansys

Enregistré dans:
Détails bibliographiques
Auteur principal: Karakan, Ugur (Auteur)
Autres auteurs: Garan, Martin (Directeur de thèse)
Format: Manuscrit Livre
Langue:slovaque
anglais
Publié: 2020
Sujets:
Accès en ligne:http://is.stuba.sk/zp/portal_zp.pl?podrobnosti=160605
Tags: Ajouter un tag
Pas de tags, Soyez le premier à ajouter un tag!

MARC

LEADER 00000ntm a22000003a 4500
001 stuzp78527
003 SK-STU
005 20200711210402.9
007 ta
008 150427s2015----xo-----f-mn---000-0-slo-d
040 |a STU  |b slo 
041 0 |a eng 
100 1 |a Karakan, Ugur  |u 020010  |4 aut  |U SjF Strojnícka fakulta  |T SjF Ústav aplikovanej mechaniky a mechatroniky  |X 106588  |U J0010  |Y 801  |7 106588 
242 0 1 |a Napäťovo deformačná analýza cestného mosta v Ansyse  |y slo 
245 1 0 |a The stress-strain analysis of the road bridge in Ansys 
260 |c 2020 
650 4 |a FEM  |2 eng 
650 4 |a Road Bridges  |2 eng 
650 4 |a Ansys APDL  |2 eng 
650 4 |a Stress-Strain analysis  |2 eng 
650 4 |a Ansys APDL  |2 slo 
650 4 |a MKP  |2 slo 
650 4 |a cestné mosty  |2 slo 
650 4 |a napäťovo-deformačná analýza  |2 slo 
700 1 |a Garan, Martin  |u 020010  |k Z1  |4 ths  |U SjF Strojnícka fakulta  |T SjF Ústav aplikovanej mechaniky a mechatroniky  |X 10008  |U J0010  |Y 801  |7 A000010008 
856 4 |u http://is.stuba.sk/zp/portal_zp.pl?podrobnosti=160605